| 000 | 00688nam a22001817a 4500 | ||
|---|---|---|---|
| 005 | 20180705140446.0 | ||
| 010 | _aENG-123387 | ||
| 020 |
_c185.00 _a10HE000038 |
||
| 035 | _aEN-106919 | ||
| 037 | _bDBAD/PUB | ||
| 082 | _a000 | ||
| 100 | _aSrivastva, Vijay Shankar | ||
| 245 | 0 | 0 |
_aNon-verbal reasoning : _cby Vijay Shankar Srivastva _buseful for managment (CAT, MAT & Other), Railway Recruitment, SCRA, AFCAT, SSC (OGL, CHSL, CML), B.Ed., Police, JNV, IAS, PCS and other competitive exams./ |
| 260 |
_aNew Delhi _bS. Chand and Company _c2017 |
||
| 270 |
_a7361, Ram Nagar, _bNew Delhi _e110055 |
||
| 300 |
_a216 p. _c27cm(pbk) _bill. |
||
| 942 |
_2ddc _cEN _mSRI _h000 |
||
| 999 |
_c153432 _d153432 |
||